000 00676nam a22002297a 4500
003 OSt
005 20220107122733.0
008 140408b xxu||||| |||| 00| 0 eng d
020 _a9788131726082
040 _cIIITM-K
082 _a004.64 DUC/D
100 _aDuck, Michael
_93720
245 _aData communications and computer networks:
_bFor computer scientists and engineers
_cby Michael Duck; Richard Read
250 _a2nd ed.
260 _aNew Delhi,
_bPearson,
_c2009.
300 _axx, 415p.
650 _aCOMPUTER SCIENCE
_93721
650 _aDATA COMMUNICATIONS
_93722
650 _aCOMPUTER NETWORKS
_93723
700 _aRead, Richard
_93724
942 _2ddc
_cBK
999 _c3740
_d3740